Konjunktur und wachstumspolitik in der Schweiz

محفوظ في:
التفاصيل البيبلوغرافية
المؤلف الرئيسي: Kneschaurek, F.
التنسيق: كتاب
اللغة:Undetermined
منشور في: Germany Verlag Organisation AG. 1965
الموضوعات:
الوسوم: إضافة وسم
لا توجد وسوم, كن أول من يضع وسما على هذه التسجيلة!
Thư viện lưu trữ: Trung tâm Học liệu Trường Đại học Cần Thơ
LEADER 00497nam a2200181Ia 4500
001 CTU_86458
008 210402s9999 xx 000 0 und d
082 |a 338.9 
082 |b K68 
100 |a Kneschaurek, F. 
245 0 |a Konjunktur und wachstumspolitik in der Schweiz 
245 0 |c F. Kneschaurek 
260 |a Germany 
260 |b Verlag Organisation AG. 
260 |c 1965 
650 |a Economic development 
904 |i Năm 
980 |a Trung tâm Học liệu Trường Đại học Cần Thơ